| 000 | 00658cas a22002175a 4500 | ||
|---|---|---|---|
| 001 | ##L131926 | ||
| 008 | 051216c2003 xxkqr p a eng u | ||
| 022 | 1 | _a1750-1024 | |
| 035 | _a(Sirsi) u131926 | ||
| 041 | 0 | _aeng | |
| 110 | 2 |
_aRoyal Institution of Chartered Surveyors _bConstruction Faculty _94214 |
|
| 240 | 0 | 0 | _aRICS Construction Bulletin |
| 245 | 0 | 0 | _aConstruction Bulletin |
| 260 | 3 |
_aLondon _bRICS _c2003- |
|
| 362 | 0 | _aLondon: September 2003-June 2005 | |
| 362 | 0 | _aEdinburgh: October 2005-February 2006 | |
| 651 | 4 | _aUnited Kingdom | |
| 690 | _aBUILT ENVIRONMENT | ||
| 785 | 0 | 0 |
_tThe Journal _bRICS Construction Journal |
| 942 |
_n0 _2ddc |
||
| 999 |
_c118850 _d118850 |
||